| 000 | 00873nam a22002417a 4500 | ||
|---|---|---|---|
| 003 | OSt | ||
| 005 | 20250813080259.0 | ||
| 008 | 240620b |||||||| |||| 00| 0 eng d | ||
| 020 | _a9780367766108 | ||
| 040 |
_aDWCL-Main Lib. _cOC |
||
| 082 | _aCirc. 371.4 K81i 2023 | ||
| 100 | _aKolbert, Jared B. | ||
| 245 |
_aIntroduction to school counseling : _btheory, research and practice/ _cJared B. Kolbert [and two others] |
||
| 250 | _aSecond edition | ||
| 260 |
_aNew York : _bRoutledge, _cc2023. |
||
| 300 |
_ax, 312 pages : _billustrations ; _c25cm. |
||
| 504 | _aIncludes bibliographical references and index. | ||
| 650 | _a1. Educational counseling --- United States. | ||
| 650 | _a2. Students counselors --- In-services Training --- United States. | ||
| 700 | _aCrothers, Laura M. | ||
| 700 | _aHughes, Tammy L. | ||
| 942 |
_2ddc _cBK-CIRC _kCirc. _n0 _eSecond edition |
||
| 999 |
_c932 _d932 |
||